<?xml version="1.0" encoding="UTF-8"?>
<record
    xmlns:xsi="http://www.w3.org/2001/XMLSchema-instance"
    xsi:schemaLocation="http://www.loc.gov/MARC21/slim http://www.loc.gov/standards/marcxml/schema/MARC21slim.xsd"
    xmlns="http://www.loc.gov/MARC21/slim">

  <leader>00977nam a2200241Ia 4500</leader>
  <controlfield tag="003">IN-BaIIA</controlfield>
  <controlfield tag="008">211028s9999    xx            000 0 eng d</controlfield>
  <datafield tag="020" ind1=" " ind2=" ">
    <subfield code="a">0-7923-1782-3</subfield>
  </datafield>
  <datafield tag="040" ind1=" " ind2=" ">
    <subfield code="c">IIA Library</subfield>
  </datafield>
  <datafield tag="080" ind1=" " ind2=" ">
    <subfield code="a">082.2:52</subfield>
    <subfield code="b">IAU-S152</subfield>
  </datafield>
  <datafield tag="111" ind1=" " ind2=" ">
    <subfield code="a">Symposium of the International Astronomical Union</subfield>
    <subfield code="c">Brazil</subfield>
    <subfield code="d">1991 July 15-19</subfield>
    <subfield code="9">17695</subfield>
  </datafield>
  <datafield tag="245" ind1=" " ind2="0">
    <subfield code="a">Chaos, resonance and collective dynamical phenomena in the solar system</subfield>
    <subfield code="b">proceedings of the 152nd symposium of the International Astronomical Union, held in Angra Dos Reis, Brazil, July 15-19, 1991</subfield>
    <subfield code="c">edited by S. Ferraz-Mello                                         </subfield>
  </datafield>
  <datafield tag="260" ind1=" " ind2=" ">
    <subfield code="a">Dordrecht</subfield>
    <subfield code="b">Kluwer Academic</subfield>
    <subfield code="c">1992</subfield>
  </datafield>
  <datafield tag="300" ind1=" " ind2=" ">
    <subfield code="a">xii, 416p.</subfield>
  </datafield>
  <datafield tag="490" ind1=" " ind2=" ">
    <subfield code="a">IAU Symposium; no. 152</subfield>
  </datafield>
  <datafield tag="650" ind1=" " ind2=" ">
    <subfield code="a">Astronomy and Astrophysics Thesaurus</subfield>
  </datafield>
  <datafield tag="650" ind1=" " ind2=" ">
    <subfield code="a">Chaos</subfield>
    <subfield code="9">10923</subfield>
  </datafield>
  <datafield tag="650" ind1=" " ind2=" ">
    <subfield code="a">Planetary System</subfield>
    <subfield code="9">756</subfield>
  </datafield>
  <datafield tag="650" ind1=" " ind2=" ">
    <subfield code="a">Solar System</subfield>
  </datafield>
  <datafield tag="700" ind1=" " ind2=" ">
    <subfield code="a">Ferraz-Mello, S ed.</subfield>
    <subfield code="9">17696</subfield>
  </datafield>
  <datafield tag="710" ind1=" " ind2=" ">
    <subfield code="a">International Astronomical Union</subfield>
  </datafield>
  <datafield tag="942" ind1=" " ind2=" ">
    <subfield code="c">BK</subfield>
  </datafield>
  <datafield tag="999" ind1=" " ind2=" ">
    <subfield code="c">10407</subfield>
    <subfield code="d">10407</subfield>
  </datafield>
  <datafield tag="952" ind1=" " ind2=" ">
    <subfield code="0">0</subfield>
    <subfield code="1">0</subfield>
    <subfield code="4">0</subfield>
    <subfield code="7">0</subfield>
    <subfield code="a">BAN</subfield>
    <subfield code="b">BAN</subfield>
    <subfield code="c">GEN</subfield>
    <subfield code="d">1992-08-11</subfield>
    <subfield code="g">1627.40</subfield>
    <subfield code="l">0</subfield>
    <subfield code="o">082.2:52/ IAU-S152</subfield>
    <subfield code="p">11317</subfield>
    <subfield code="r">2021-11-05</subfield>
    <subfield code="v">1627.40</subfield>
    <subfield code="w">1992-08-11</subfield>
    <subfield code="y">BK</subfield>
    <subfield code="G">Rs. 1627.40</subfield>
  </datafield>
</record>
